| 000 | 00479nam a2200181Ia 4500 | ||
|---|---|---|---|
| 001 | 4147 | ||
| 005 | 20260306145734.0 | ||
| 008 | 260306t1972||||xx |||||||||||||| ||spa|| | ||
| 041 | _aESP | ||
| 082 |
_a306.89 _bG25 |
||
| 100 |
_aGardner, Richard A., _eAUT |
||
| 245 | 0 |
_aEl libro para los chicos de padres separados : _b(con una introducción para padres) |
|
| 260 | _c1972 | ||
| 300 |
_a157 páginas : _c23 cm. |
||
| 650 | _aGEN | ||
| 654 | _aCED | ||
| 942 |
_cLIB _dJUS _fJUS _2ddc _n |
||
| 999 |
_c4147 _d4147 |
||